000 00390nam a2200121Ia 4500
005 20251222143148.0
008 251222s9999||||xx |||||||||||||| ||spa||
082 _a362.829.2/B24
100 _aBardales Mendoza, Olga
245 0 _aFemenicidio bajo la Lupa:
264 _bMinisterio de la Mujer y Poblaciones Vulnerables. Programa Nacional contra la Violencia Familiar y Sexual
942 _cLIB
999 _c12582
_d12582